BIBLIOTECA

SENCICO

Proceso de diseño para anteproyecto diseño interior / (Registro nro. 4511)

Detalles MARC
000 -LEADER
fixed length control field 01477nam a22003017a 4500
003 - CONTROL NUMBER IDENTIFIER
control field PE SENCICO BE
005 - DATE AND TIME OF LATEST TRANSACTION
control field 20251020182649.0
008 - FIXED-LENGTH DATA ELEMENTS--GENERAL INFORMATION
fixed length control field 240116b |||||||| |||| 00| 0 eng d
040 ## - CATALOGING SOURCE
Original cataloging agency PE SENCICO BE
Transcribing agency PE SENCICO BE
041 ## - LANGUAGE CODE
Language code of text/sound track or separate title spa
084 ## - OTHER CLASSIFICATION NUMBER
Classification number I
-- DIS
-- 2015
Item number S21
100 1# - MAIN ENTRY--PERSONAL NAME
9 (RLIN) 1884
Personal name Chigne Encinas, Katherine Rubi Victoria
Relator term autor
245 1# - TITLE STATEMENT
Title Proceso de diseño para anteproyecto diseño interior /
Statement of responsibility, etc. Katherine Rubi Victoria Chigne Encinas
246 ## - VARYING FORM OF TITLE
Title proper/short title Propuesta de anteproyecto de diseño interior de lobby de ingreso y habitación en hotel
260 ## - PUBLICATION, DISTRIBUTION, ETC.
Place of publication, distribution, etc. Lima :
Date of publication, distribution, etc. 2015
300 ## - PHYSICAL DESCRIPTION
Extent 71 h. :
Other physical details il. col. diagrs., tabls. ;
Dimensions 30 cm.
500 ## - GENERAL NOTE
General note Texto en dos volúmenes. El volumen 2 contiene planos (40 x 60 cm.).
502 ## - DISSERTATION NOTE
Dissertation note Monografía de Titulación.-- Servicio Nacional de Capacitación para la Industria de la Construcción. Escuela Superior Técnica. Carrera Profesional Técnica en Diseño de Interiores, 2015
505 0# - FORMATTED CONTENTS NOTE
Formatted contents note v. 1: Proceso de diseño para anteproyecto diseño interior -- v. 2: Propuesta de anteproyecto de diseño interior de lobby de ingreso y habitación en hotel
650 10 - SUBJECT ADDED ENTRY--TOPICAL TERM
9 (RLIN) 44
Topical term or geographic name entry element Diseño de interiores
650 20 - SUBJECT ADDED ENTRY--TOPICAL TERM
9 (RLIN) 370
Topical term or geographic name entry element Arquitectura de viviendas
650 20 - SUBJECT ADDED ENTRY--TOPICAL TERM
9 (RLIN) 1793
Topical term or geographic name entry element Color en el diseño
650 20 - SUBJECT ADDED ENTRY--TOPICAL TERM
9 (RLIN) 9
Topical term or geographic name entry element Espacios interiores
650 20 - SUBJECT ADDED ENTRY--TOPICAL TERM
9 (RLIN) 615
Topical term or geographic name entry element Planos
710 1# - ADDED ENTRY--CORPORATE NAME
Corporate name or jurisdiction name as entry element Servicio Nacional de Capacitación para la Industria de la Construcción.
Subordinate unit Escuela Superior Técnica
9 (RLIN) 1065
910 ## - USER-OPTION DATA (OCLC)
-- hfp
-- hfp
942 ## - ADDED ENTRY ELEMENTS (KOHA)
Koha item type Monografía de Titulación
Source of classification or shelving scheme Dewey Decimal Classification
Existencias
Fecha de la última vez que lo usaron Número de ingreso o de inventario Pago total Signatura topográfica completa Código de barras Precio efectivo desde Tipo de documento Estado perdido Estado dañado No es para préstamo Retirado Ubicación permanente Ubicación actual Fecha de adquisición
16/01/2024 I-00335   I/DIS/2015/C51/v. 1 BibLima24010049 16/01/2024 Monografía de Titulación         Biblioteca Central Lima Biblioteca Central Lima 16/01/2024
14/02/2024 I-00440   I/DIS/2015/C51/v. 2 BibLima24020076 14/02/2024 Monografía de Titulación         Biblioteca Central Lima Biblioteca Central Lima 14/02/2024